Normal view
MARC view
- Zubeck, Hannele K.
Entry Personal Name
001 - CONTROL NUMBER
- control field: 629
003 - CONTROL NUMBER IDENTIFIER
- control field: NUST
005 - DATE AND TIME OF LATEST TRANSACTION
- control field: 20170512124903.0
008 - FIXED-LENGTH DATA ELEMENTS
- fixed length control field: 170512|| aca||aabn | a|a d
040 ## - CATALOGING SOURCE
- Original cataloging agency: NUST
- Transcribing agency: NUST
100 ## - HEADING--PERSONAL NAME
- Personal name: Zubeck, Hannele K.
670 ## - SOURCE DATA FOUND
- Source citation: Work cat.: (NUST)0: Doré, Guy. 626, Cold regions pavement engineering /, c2009.
